Caracterización económica del Municipio de Rionegro, Antioquia, 2004-2006 / (Registro nro. 5633)
[ vista simple ]
| 000 -LEADER | |
|---|---|
| fixed length control field | 02940nam a2200313Ia 4500 |
| 003 - CONTROL NUMBER IDENTIFIER | |
| control field | OSt |
| 005 - DATE AND TIME OF LATEST TRANSACTION | |
| control field | 20210128175127.0 |
| 008 - FIXED-LENGTH DATA ELEMENTS--GENERAL INFORMATION | |
| fixed length control field | 191128s2007 ck ad fr 000 0 spa d |
| 020 ## - INTERNATIONAL STANDARD BOOK NUMBER | |
| International Standard Book Number | 9789587140835 |
| 040 ## - CATALOGING SOURCE | |
| Original cataloging agency | CO-JMCR |
| Transcribing agency | CO-JMCR |
| 041 0# - LANGUAGE CODE | |
| Language code of text/sound track or separate title | spa |
| 082 04 - DEWEY DECIMAL CLASSIFICATION NUMBER | |
| Classification number | 330 / |
| Item number | M578c |
| Edition number | 23 |
| 100 1# - MAIN ENTRY--PERSONAL NAME | |
| Personal name | Mesa Callejas, Ramón Javier, |
| Dates associated with a name | coordinador |
| 9 (RLIN) | 4640 |
| 245 10 - TITLE STATEMENT | |
| Title | Caracterización económica del Municipio de Rionegro, Antioquia, 2004-2006 / |
| Statement of responsibility, etc. | Ramón Javier Mesa Callejas coordinador, Mauricio López González investigador, Leidy Yomary García Pérez asistente de investigación |
| 250 ## - EDITION STATEMENT | |
| Edition statement | Primera edición |
| 260 ## - PUBLICATION, DISTRIBUTION, ETC. | |
| Place of publication, distribution, etc. | Medellín : |
| Name of publisher, distributor, etc. | Universidad de Antioquia, |
| Date of publication, distribution, etc. | 2007 |
| 300 ## - PHYSICAL DESCRIPTION | |
| Extent | 120 páginas : |
| Other physical details | gráficos a color y a blanco y negro ; |
| Dimensions | 24 cm. |
| 500 ## - GENERAL NOTE | |
| General note | Incluye notas a pie de página y datos biográficos de los autores. |
| 504 ## - BIBLIOGRAPHY, ETC. NOTE | |
| Bibliography, etc. note | Bibliografía: páginas 115-118 |
| 505 0# - FORMATTED CONTENTS NOTE | |
| Formatted contents note | Evolución reciente de la economía del Oriente antioqueño: algunas consideraciones -- Rionegro en el contexto subregional -- Caracterización del mercado laboral -- Perspectivas |
| 520 3# - SUMMARY, ETC. | |
| Summary, etc. | Este trabajo caracteriza la actividad económica del Municipio de Rionegro, (Antioquía) en el período 2004-2006. A partir del análisis de la evolución de su estructura productiva, las dinámicas recientes en los principales sectores económicos y las características de su mercado laboral; todo enmarcado en el contexto del desempeño reciente de la economía del Oriente antioqueño. El dinamismo económico de esta región ha tenido especial relevancia en el Municipio de Rionegro como resultado, entre otros factores, del abastecimiento de productos agrícolas y materias primas para el Área Metropolitana del Valle de Aburrá, del acelerado desarrollo urbano y turístico, de su infraestructura vial, de servicios y, telecomunicaciones de carácter departamental y nacional y por los servicios hoteleros de alta calidad. Rionegro es considerado eje central de la subregión, por su aparato productivo y laboral que le han permitido apalancar el desarrollo socioeconómico de la zona y servir como modelo y referente en sus prácticas administrativas. Este libro está dividido en tres capítulos: el primero reseña la evolución reciente de la economía del Oriente antioqueño, teniendo en cuenta la evolución de sus principales variables económicas; el segundo, caracteriza el municipio por actividades económicas, y el tercero, analiza su mercado laboral con base en los resultados de una encuesta realizada en el marco del proyecto de investigación. |
| 650 14 - SUBJECT ADDED ENTRY--TOPICAL TERM | |
| Topical term or geographic name entry element | Mercado laboral |
| Geographic subdivision | Colombia |
| 9 (RLIN) | 4641 |
| 650 14 - SUBJECT ADDED ENTRY--TOPICAL TERM | |
| Topical term or geographic name entry element | Sector fiscal |
| Geographic subdivision | Colombia |
| 9 (RLIN) | 4642 |
| 650 14 - SUBJECT ADDED ENTRY--TOPICAL TERM | |
| Topical term or geographic name entry element | Sector financiero |
| Geographic subdivision | Colombia |
| 9 (RLIN) | 4643 |
| 650 14 - SUBJECT ADDED ENTRY--TOPICAL TERM | |
| Topical term or geographic name entry element | Actividad económica |
| Geographic subdivision | Colombia |
| 9 (RLIN) | 4644 |
| 700 1# - ADDED ENTRY--PERSONAL NAME | |
| Personal name | López González, Mauricio, |
| Relator term | investigador |
| 9 (RLIN) | 4645 |
| 700 1# - ADDED ENTRY--PERSONAL NAME | |
| Personal name | García Pérez, Leidy Yomary, |
| Relator term | asistente de investigación |
| 9 (RLIN) | 4646 |
| 942 ## - ADDED ENTRY ELEMENTS (KOHA) | |
| Source of classification or shelving scheme | Dewey Decimal Classification |
| Koha item type | Books |
| Withdrawn status | Lost status | Source of classification or shelving scheme | Damaged status | Not for loan | Collection code | Home library | Current library | Date acquired | Source of acquisition | Cost, normal purchase price | Total Checkouts | Full call number | Barcode | Date last seen | Copy number | Koha item type |
|---|---|---|---|---|---|---|---|---|---|---|---|---|---|---|---|---|
| Dewey Decimal Classification | Non-fiction | Biblioteca Pública José María del Castillo y Rada | Biblioteca Pública José María del Castillo y Rada | 04/15/2018 | Donación | 0.00 | 330 / M578c | 430002718 | 05/16/2024 | Ej.1 | Books |